¿Las capacidades son innatas o se desarrollan? (Record no. 63627)

MARC details
000 -CABECERA
campo de control de longitud fija 00426nam a2200157 a 4500
005 - FECHA Y HORA DE LA ÚLTIMA TRANSACCIÓN
campo de control 20210219152915.0
008 - ELEMENTOS DE LONGITUD FIJA--INFORMACIÓN GENERAL
campo de control de longitud fija 991125n 000 0 spa u
035 ## - NÚMERO DE CONTROL DEL SISTEMA
Número de control de sistema UPN01000066719
222 ## - TÍTULO CLAVE
Título clave EDUCACION (CUBA)
245 ## - MENCIÓN DE TÍTULO
Título ¿Las capacidades son innatas o se desarrollan?
300 ## - DESCRIPCIÓN FÍSICA
Extensión 99-103
362 ## - FECHAS DE PUBLICACIÓN Y/O DESIGNACIÓN SECUENCIAL
Fecha de publicación y/o designación secuencial 1974 Año 4, no. 12 ene.-mar.
653 0# - TERMINO DE INDIZACION - NO CONTROLADO
Término no controlado INTELIGENCIA -
-- PRUEBAS
904 ## - ELEMENTOS DE DATOS D LOCAL, LDD (RLIN)
a AC
b 004530
905 ## - TIPO DE MATERIAL
Tipo de material Articulo

No items available.